<?xml version="1.0" encoding="UTF-8"?>
<collection xmlns="http://www.loc.gov/MARC21/slim">
 <record>
  <leader>03998nam a2200325 a 4500</leader>
  <controlfield tag="001">1/45260</controlfield>
  <controlfield tag="008">140821s2003    ne            001 0 eng  </controlfield>
  <datafield tag="020" ind1=" " ind2=" ">
   <subfield code="a">9780125615402</subfield>
  </datafield>
  <datafield tag="020" ind1=" " ind2=" ">
   <subfield code="a">012561540X</subfield>
  </datafield>
  <datafield tag="020" ind1=" " ind2=" ">
   <subfield code="a">9780080474304 (electronic bk.)</subfield>
  </datafield>
  <datafield tag="020" ind1=" " ind2=" ">
   <subfield code="a">0080474306 (electronic bk.)</subfield>
  </datafield>
  <datafield tag="035" ind1=" " ind2=" ">
   <subfield code="l">48219</subfield>
  </datafield>
  <datafield tag="040" ind1=" " ind2=" ">
   <subfield code="a">OPELS</subfield>
   <subfield code="b">eng</subfield>
   <subfield code="c">OPELS</subfield>
   <subfield code="d">OCLCQ</subfield>
   <subfield code="d">N$T</subfield>
   <subfield code="d">E7B</subfield>
   <subfield code="d">DEBBG</subfield>
   <subfield code="d">KASET</subfield>
   <subfield code="d">TULIB</subfield>
   <subfield code="d">OCLCO</subfield>
   <subfield code="d">OCLCQ</subfield>
   <subfield code="d">OCLCF</subfield>
   <subfield code="d">GR-PeUP</subfield>
  </datafield>
  <datafield tag="100" ind1="1" ind2=" ">
   <subfield code="a">Popek, Emma P.</subfield>
  </datafield>
  <datafield tag="245" ind1="1" ind2="0">
   <subfield code="a">Sampling and analysis of environmental chemical pollutants</subfield>
   <subfield code="h">[electronic resource] :</subfield>
   <subfield code="b">a complete guide /</subfield>
   <subfield code="c">by Emma P. Popek.</subfield>
  </datafield>
  <datafield tag="250" ind1=" " ind2=" ">
   <subfield code="a">1st ed.</subfield>
  </datafield>
  <datafield tag="260" ind1=" " ind2=" ">
   <subfield code="a">Amsterdam ;</subfield>
   <subfield code="a">Boston :</subfield>
   <subfield code="b">Academic Press,</subfield>
   <subfield code="c">2003.</subfield>
  </datafield>
  <datafield tag="300" ind1=" " ind2=" ">
   <subfield code="a">1 online resource (ix, 356 p.) :</subfield>
   <subfield code="b">ill.</subfield>
  </datafield>
  <datafield tag="520" ind1=" " ind2=" ">
   <subfield code="a">An excellent introduction to the real world of environmental work, this title helps both college students and working professionals improve their understanding of the data collection process. It covers all phases of data collection (planning, field sampling, laboratory analysis, and data quality assessment), and is a single source comprehensive reference for the resolution of the most common problems that environmental professionals face daily in their work. Why This Title This title is written in a clear and logical manner that is accessible to environmental professionals of all disciplines. It contains hundreds of practical tips on planning, sampling, and interactions with analytical laboratories. Having this text as a desk reference will greatly improve skills in planning and sampling, and elevate understanding of chemical data to a new level. This topic is of importance to a wide range of environmental professionals from a variety of disciplines (see audience). Written by a practicing professional for practicing professionals, this handbook provides everything an environmental professional needs to know to competently collect environmental chemical data.</subfield>
  </datafield>
  <datafield tag="505" ind1="0" ind2=" ">
   <subfield code="a">The Sample and the Error. -- 1.1 The Concept of Relevant and Valid Data. -- 1.2 Importance of a Stepwise Approach. -- 1.3 Seven Steps of the Sample's Life. -- 1.4 Total Error and Its Sources. -- 1.5 Total Error and Data Usability. -- Bird's Eye View of Project Planning. -- 2.1 What are Data Quality Objectives? -- 2.2 De.nitive, Screening, and Effective Data. -- 2.3 Regulatory Overview and Action Levels. -- 2.4 How to Navigate the Analytical Method Maze. -- 2.5 Sampling Strategies. -- 2.6 Field Quality Control and Quality Assurance Samples. -- 2.7 Cost Estimate. -- 2.8 Planning Documents. -- 2.9 Analytical Method and Laboratory Selection. -- 2.10 Preparedness and Coordination. -- Practical Approach to Sampling. -- 3.1 Seven Steps of the Sampling Process. -- 3.2 Sample Custody and Tracking. -- 3.3 Sample Preservation Techniques. -- 3.4 Sample Packaging and Shipment. -- 3.5 Soil Sampling Designs. -- 3.6 Water Sampling. -- 3.7 Surface Sampling with Wipes. -- 3.8 Equipment Decontamination. -- 3.9 Field Measurements. -- 3.10 Field Records. -- Understanding the Analytical Laboratory. -- 4.1 Requirements for Laboratory Operation. -- 4.2 Laboratory Organization. -- 4.3 The Seven Steps of Laboratory Process. -- 4.4 Analytical Techniques and Their Applications. -- 4.5 Compound Quantitation. -- 4.6 Laboratory Quality Assurance. -- Data QualityAssessment. -- 5.1 Data Evaluation. -- 5.2 The Seven Steps of Data Evaluation. -- 5.3 The Seven Steps of the Data Quality Assessment.</subfield>
  </datafield>
  <datafield tag="504" ind1=" " ind2=" ">
   <subfield code="a">Includes bibliographical references (p. 343-346) and index.</subfield>
  </datafield>
  <datafield tag="650" ind1=" " ind2="4">
   <subfield code="a">Pollutants</subfield>
   <subfield code="x">Analysis.</subfield>
  </datafield>
  <datafield tag="650" ind1=" " ind2="4">
   <subfield code="a">Environmental sampling.</subfield>
  </datafield>
  <datafield tag="655" ind1=" " ind2="4">
   <subfield code="a">Electronic books.</subfield>
  </datafield>
  <datafield tag="852" ind1=" " ind2=" ">
   <subfield code="a">INST</subfield>
   <subfield code="b">UNIPILB</subfield>
   <subfield code="c">EBOOKS</subfield>
   <subfield code="e">20140821</subfield>
   <subfield code="p">00b48219</subfield>
   <subfield code="q">00b48219</subfield>
   <subfield code="t">ONLINE</subfield>
   <subfield code="y">0</subfield>
  </datafield>
  <datafield tag="856" ind1="4" ind2="0">
   <subfield code="3">ScienceDirect</subfield>
   <subfield code="u">http://www.sciencedirect.com/science/book/9780125615402</subfield>
  </datafield>
  <datafield tag="856" ind1="4" ind2=" ">
   <subfield code="d">/webopac/covers/03/48219_9780125615402.jpg</subfield>
  </datafield>
  <datafield tag="856" ind1="4" ind2=" ">
   <subfield code="d">/webopac/covers/03/48219_012561540X.jpg</subfield>
  </datafield>
  <datafield tag="856" ind1="4" ind2=" ">
   <subfield code="d">/webopac/covers/03/48219_9780080474304.jpg</subfield>
   <subfield code="z">(electronic bk.)</subfield>
  </datafield>
  <datafield tag="856" ind1="4" ind2=" ">
   <subfield code="d">/webopac/covers/03/48219_0080474306.jpg</subfield>
   <subfield code="z">(electronic bk.)</subfield>
  </datafield>
 </record>
</collection>
